000 00360nam a22001457a 4500
008 210607b ||||| |||| 00| 0 eng d
020 _a9780070127494
041 _aeng
080 _25th
_a330.722.6
082 _a330.722.6
100 _a61
101 _aKF
245 _aConstruction Accounting & Financial Management
_cWilliam J. Palmer
942 _2udc
_cBK
999 _c58012
_d58012